LIBRARY & INFORMATION CENTRE, KCAET, TAVANUR

ONLINE PUBLIC ACCESS CATALOGUE (OPAC)

Higher mathematics : text book for technical schools / (Record no. 10053)

MARC details
000 -LEADER
fixed length control field 00420cam a2200157ua 4500
041 ## - LANGUAGE CODE
Language code of text/sound track or separate title eng
082 ## - DEWEY DECIMAL CLASSIFICATION NUMBER
Classification number 510
Item number SUV/HI
100 ## - MAIN ENTRY--AUTHOR NAME
Personal name Suvorov, I .
245 ## - TITLE STATEMENT
Title Higher mathematics : text book for technical schools /
250 ## - EDITION STATEMENT
Edition statement 1 /
260 ## - PUBLICATION, DISTRIBUTION, ETC. (IMPRINT)
Place of publication Moscow :
Name of publisher Foreign Language Publishing House ,
Year of publication 1995.
300 ## - PHYSICAL DESCRIPTION
Number of Pages 312 ; .
942 ## - ADDED ENTRY ELEMENTS (KOHA)
Koha item type Books
Holdings
Withdrawn status Lost status Damaged status Home library Current library Date acquired Full call number Accession Number Koha item type
      KAUAET KAUAET 07/04/2012 510 4801 Books
free website counter